[Event "North American-ch U12"]
[Site "Montreal"]
[Date "2010.08.19"]
[Round "7"]
[White "McCleary, Reuben"]
[Black "Cormier, Jonathan"]
[Result "1-0"]
[WhiteElo "1630"]
[BlackElo "929"]
[PlyCount "49"]
[EventDate "2010.08.16"]
[EventType "swiss"]
[EventRounds "7"]
[EventCountry "CAN"]
[SourceTitle "EXT 2013"]
[Source "ChessBase"]
[SourceDate "2012.11.22"]
[SourceVersion "1"]
[SourceVersionDate "2012.11.22"]
[SourceQuality "1"]

1. d4 Nf6 2. Nf3 d5 3. Bf4 e6 4. e3 Bd6 5. Bxd6 Qxd6 6. Nbd2 0-0 7. Ne5 Nbd7 8. f4 Qb6 9. Rb1 Nxe5 10. fxe5 Ne4 11. Bd3 Bd7 12. Nxe4 dxe4 13. Bxe4 Qa5+ 14. c3 Qxa2 15. Qc2 Qa6 16. Bxh7+ Kh8 17. Bd3 Bb5 18. c4 Ba4 19. Qf2 g6 20. Qf6+ Kg8 21. 0-0 Rfd8 22. Bxg6 fxg6 23. Qxg6+ Kh8 24. Rf7 Bc2 25. Qg7# 1-0

[Event "North American-ch U12"]
[Site "Montreal"]
[Date "2010.08.17"]
[Round "3"]
[White "Cormier, Jonathan"]
[Black "Shi, Diwen"]
[Result "0-1"]
[WhiteElo "929"]
[BlackElo "1577"]
[PlyCount "56"]
[EventDate "2010.08.16"]
[EventType "swiss"]
[EventRounds "7"]
[EventCountry "CAN"]
[SourceTitle "EXT 2013"]
[Source "ChessBase"]
[SourceDate "2012.11.22"]
[SourceVersion "1"]
[SourceVersionDate "2012.11.22"]
[SourceQuality "1"]

1. e4 Nf6 2. Nc3 e5 3. Nf3 Nc6 4. Bc4 Nxe4 5. Nxe4 d5 6. Bxd5 Qxd5 7. d3 Bf5 8. c4 Qd7 9. Be3 Rd8 10. 0-0 Qxd3 11. Qxd3 Rxd3 12. Ned2 Bb4 13. a3 Be7 14. b4 e4 15. Ne1 Rd8 16. Ra2 0-0 17. b5 Ne5 18. Bf4 Bf6 19. Nb3 Nxc4 20. Bxc7 Rc8 21. Bf4 Rfd8 22. Nd2 Nxd2 23. Bxd2 Be6 24. Rc2 Rxc2 25. Nxc2 Rxd2 26. Ne3 h5 27. h3 Be5 28. g4 g6 0-1